| LEADER | 02378nam a2200253 4500 | ||
|---|---|---|---|
| 082 | |a 540 |b Đ450Đ | ||
| 100 | |a Đỗ Đình Rãng | ||
| 245 | |a Hóa học lập thể/ |c Đỗ Đình Rãng | ||
| 260 | |a H.: |b ĐHSP, |c 2009.- | ||
| 300 | |a 330tr.; |c 24cm. | ||
| 520 | |a v.v... | ||
| 653 | |a Hóa học | ||
| 942 | |2 ddc |c STK0 | ||
| 999 | |c 5720 |d 5720 | ||
| 952 | |0 0 |1 0 |2 ddc |4 0 |6 540_000000000000000_Đ450Đ |7 0 |8 500 |9 52486 |a qbu |b qbu |c D3 |d 2014-12-29 |g 51000 |o 540 Đ450Đ |p 2025.c1 |r 0000-00-00 |w 2014-12-29 |y STK0 |0 0 |6 540_000000000000000_Đ450Đ | ||
| 952 | |0 0 |1 0 |2 ddc |4 0 |6 540_000000000000000_Đ450Đ |7 0 |8 500 |9 52487 |a qbu |b qbu |c D3 |d 2014-12-29 |g 51000 |l 5 |m 2 |o 540 Đ450Đ |p 2025.c2 |r 2018-05-17 |s 2018-05-10 |w 2014-12-29 |y STK0 |0 0 |6 540_000000000000000_Đ450Đ | ||
| 952 | |0 0 |1 0 |2 ddc |4 0 |6 540_000000000000000_Đ450Đ |7 0 |8 500 |9 52488 |a qbu |b qbu |c D3 |d 2014-12-29 |g 51000 |l 3 |m 1 |o 540 Đ450Đ |p 2025.c3 |r 2018-12-12 |s 2018-11-26 |w 2014-12-29 |y STK0 |0 0 |6 540_000000000000000_Đ450Đ | ||
| 952 | |0 0 |1 0 |2 ddc |4 0 |6 540_000000000000000_Đ450Đ |7 0 |8 500 |9 52489 |a qbu |b qbu |c D3 |d 2014-12-29 |g 51000 |l 2 |m 2 |o 540 Đ450Đ |p 2025.c4 |r 2015-05-28 |s 2015-05-18 |w 2014-12-29 |y STK0 |0 0 |6 540_000000000000000_Đ450Đ | ||
| 952 | |0 0 |1 0 |2 ddc |4 0 |6 540_000000000000000_Đ450Đ |7 0 |8 500 |9 52490 |a qbu |b qbu |c D3 |d 2014-12-29 |g 51000 |l 2 |o 540 Đ450Đ |p 2025.c5 |r 2016-11-22 |s 2016-11-22 |w 2014-12-29 |y STK0 |0 0 |6 540_000000000000000_Đ450Đ | ||
| 952 | |0 0 |1 0 |2 ddc |4 0 |6 540_000000000000000_Đ450Đ |7 0 |8 500 |9 52491 |a qbu |b qbu |c D3 |d 2014-12-29 |g 51000 |l 1 |m 1 |o 540 Đ450Đ |p 2025.c6 |r 2016-11-14 |s 2016-10-27 |w 2014-12-29 |y STK0 |0 0 |6 540_000000000000000_Đ450Đ | ||
| 952 | |0 0 |1 0 |2 ddc |4 0 |6 540_000000000000000_Đ450Đ |7 0 |8 500 |9 52492 |a qbu |b qbu |c D3 |d 2014-12-29 |g 51000 |l 5 |m 3 |o 540 Đ450Đ |p 2025.c7 |r 2019-05-02 |s 2019-04-17 |w 2014-12-29 |y STK0 |0 0 |6 540_000000000000000_Đ450Đ | ||
| 952 | |0 0 |1 0 |2 ddc |4 0 |6 540_000000000000000_Đ450Đ |7 0 |8 500 |9 52493 |a qbu |b qbu |c D3 |d 2014-12-29 |g 51000 |l 1 |m 1 |o 540 Đ450Đ |p 2025.c8 |r 2015-04-23 |s 2015-04-14 |w 2014-12-29 |y STK0 |0 0 |6 540_000000000000000_Đ450Đ | ||
| 952 | |0 0 |1 0 |2 ddc |4 0 |6 540_000000000000000_Đ450Đ |7 0 |8 500 |9 52494 |a qbu |b qbu |c D3 |d 2014-12-29 |g 51000 |l 5 |m 1 |o 540 Đ450Đ |p 2025.c9 |r 2018-05-17 |s 2018-05-10 |w 2014-12-29 |y STK0 |0 0 |6 540_000000000000000_Đ450Đ | ||
| 952 | |0 0 |1 0 |2 ddc |4 0 |6 540_000000000000000_Đ450Đ |7 0 |8 500 |9 52495 |a qbu |b qbu |c D3 |d 2014-12-29 |g 51000 |l 2 |o 540 Đ450Đ |p 2025.c10 |r 2019-02-11 |s 2019-01-21 |w 2014-12-29 |y STK0 |0 0 |6 540_000000000000000_Đ450Đ | ||